000 00364nam a2200133Ia 4500
008 151001s9999||||xx |||||||||||||| ||und||
100 _aमाधवराव सप्रे
245 _aजीवन संग्राम में विजय
250 _a1
260 _bसाक्षी
260 _c2007
300 _a167
365 _b21
999 _c989908
_d989905